| 000 | 00628nam a2200229 a 4500 | ||
|---|---|---|---|
| 001 | 24573 | ||
| 003 | CO-ViMGA | ||
| 008 | 141112s2004 ck r 000 u spa d | ||
| 020 | _a9802573183 | ||
| 040 |
_aCO-ViMGA _bspa _cCO-ViMGA |
||
| 090 | _aWILg | ||
| 100 | 1 |
_aWillis, Jeanne _936585 |
|
| 245 | 1 | 0 |
_aGorilón / _cJeanne Willis ; ilustraciones Tony Ross |
| 246 | _aKiller gorila | ||
| 250 | _a1 | ||
| 260 |
_aVenezuela : _bEkare, _c2011 |
||
| 300 | _a[25 p.] ; il. | ||
| 650 | 1 | 4 |
_aCuentos infantiles ingleses _915884 |
| 650 | 1 | 4 |
_aLibros de imagenes para niños _936586 |
| 700 | 1 |
_aRoss, Tony _954809 |
|
| 942 |
_2ddc _cBK |
||
| 999 |
_c32396 _d32396 |
||